00822cam a22002534a 450000100090000000300040000900500170001300800410003001000170007102000280008802000150011604000180013104200080014905000210015708200250017810000220020324501320022525000190035726000460037630000290042250400530045163000360050470000280054012364667OSt20181109130813.0010330s2001 miua b 001 0 eng  a 2001026153 a0310228328 (alk. paper) a0310259665 aDLCcDLCdDLC apcc00aBS476b.D88 200100aREF 220.6221bD983G1 aDuvall, J. Scott.10aGrasping God's word :ba hands-on approach to reading, interpreting, and applying the Bible /cJ. Scott Duvall, J. Daniel Hays. aSecond Edition aGrand Rapids, Mich. :bZondervan,cc2001. a431 p. :bill. ;c24 cm. aIncludes bibliographical references and indexes.00aBiblexHermeneuticsvTextbooks.1 aHays, J. Daniel,d1953-